000 00963nam a2200265Ia 4500
003 OSt
005 20221005104647.0
006 a|||||r|||| 00| 0
007 ta
008 KAN
020 _a8186503110 (hbk)
_c150
024 _a107059
037 _b12952, 18/03/2011, Kitab Ghar
_cTextual
040 _aCRL
_cCRL
_bKAN
041 _2KAN
_aKAN
082 _aO33,3x, 152P1
100 _aश्रीनाथ, डी. एन., अनु.
_9623633
245 0 _aकन्नड़ की प्रतिनिधि कहानियॉं
246 _aKannaड़ kī pratinidhi kahāniyaॉan
260 _aदिल्ली
_bविद्या पुस्तक सदन भारत
_c2001
300 _a144पृ0
_ccm.
650 _aहिन्दी साहित्य
942 _hO33,3x, 152P1
_cTEXL
_2cc
999 _c1013415
_d1013415